How to live on 24 hours a day / (Record no. 172051)

MARC details
000 -LEADER
fixed length control field 00599nam a22001937a 4500
005 - DATE AND TIME OF LATEST TRANSACTION
control field 20200127104143.0
010 ## - LCCN (DPL NO)
LC control number B-731167
020 ## - INTERNATIONAL STANDARD BOOK NUMBER
International Standard Book Number 9789382025764
Terms of availability 295.00
035 ## - SYSTEM CONTROL NUMBER
System control number B-731167
037 ## - SOURCE OF ACQUISITION
Stock number DPL
Source of stock number/acquisition Pigeon
082 ## - DEWEY DECIMAL CLASSIFICATION NUMBER
Classification number 650.1
100 ## - MAIN ENTRY--PERSONAL NAME
Personal name Bennett, Arnold
245 ## - TITLE STATEMENT
Title How to live on 24 hours a day /
Remainder of title by Arnold Bennett
260 ## - PUBLICATION, DISTRIBUTION, ETC. (IMPRINT)
Place of publication, distribution, etc New Delhi
Name of publisher, distributor, etc Pigeon Books India
Date of publication, distribution, etc 2017
270 ## - ADDRESS
Address 16, Ansari Road,Daryaganj,
City New Delhi
Postal code 110002
300 ## - PHYSICAL DESCRIPTION
Extent 69p.
Other physical details 21cm(Hb)
942 ## - ADDED ENTRY ELEMENTS (KOHA)
Source of classification or shelving scheme Dewey Decimal Classification
Item type English Books
Classification part 650.1
Call number suffix BEN
Holdings
Withdrawn status Lost status Not for loan Collection code Home library Current library Date acquired Source of acquisition Cost, normal purchase price Full call number Barcode Copy number Cost, replacement price Koha item type
      Non-fiction Kadipur Kadipur 27/01/2020 Gift/ Eng /13.11.2019 295.00 650.1 BEN B-731167 1 295.00 English Books

© Delhi Public Library
Hit Counter
free hit counter